[Event "Hillerod CC-chB"]
[Site "Hillerod"]
[Date "2020.10.20"]
[Round "5"]
[White "Sorensen, Bernhard"]
[Black "Nielsen, Poul Erik2222"]
[Result "1/2-1/2"]
[WhiteElo "1655"]
[BlackElo "1597"]
[PlyCount "44"]
[EventDate "2020.09.15"]
[EventType "tourn"]
[EventRounds "7"]
[EventCountry "DEN"]
[SourceTitle "EXT 2024"]
[Source "ChessBase"]
[SourceDate "2023.10.10"]
[SourceVersion "1"]
[SourceVersionDate "2023.10.10"]
[SourceQuality "1"]

1. d4 d5 2. Bf4 Nc6 3. e3 e6 4. c4 Nf6 5. Nc3 Be7 6. h3 a6 7. Nf3 h6 8. cxd5 exd5 9. Bd3 Nb4 10. Rc1 Nxd3+ 11. Qxd3 c6 12. 0-0 Bd6 13. Bxd6 Qxd6 14. a3 Be6 15. Ne5 Nd7 16. f4 Nxe5 17. fxe5 Qe7 18. Rf3 0-0 19. Rg3 f6 20. Qg6 Kh8 21. exf6 Qxf6 22. Qxf6 Rxf6 1/2-1/2

[Event "Hillerod Vinhuset Stoltz op"]
[Site "Hillerod"]
[Date "2019.10.08"]
[Round "5"]
[White "Pedersen, Carsten1111"]
[Black "Sorensen, Bernhard"]
[Result "1-0"]
[WhiteElo "1933"]
[BlackElo "1595"]
[PlyCount "53"]
[EventDate "2019.09.24"]
[EventType "swiss"]
[EventRounds "7"]
[EventCountry "DEN"]
[SourceTitle "EXT 2021"]
[Source "ChessBase"]
[SourceDate "2020.10.23"]
[SourceVersion "1"]
[SourceVersionDate "2020.10.23"]
[SourceQuality "1"]

1. d4 d5 2. c4 c6 3. cxd5 cxd5 4. Nc3 Nf6 5. Bf4 Nc6 6. e3 a6 7. Rc1 Bf5 8. Qb3 Qd7 9. Na4 Ra7 10. Nc5 Qc8 11. Qb6 Nd7 12. Nxd7 Qxd7 13. Ne2 Bd3 14. Rxc6 Qxc6 15. Qxa7 Qc2 16. Qb8+ Kd7 17. Qxb7+ Ke6 18. Qc7 Bc4 19. Qc6+ Kf5 20. Ng3+ Kg4 21. f3+ Kh4 22. Bxc4 dxc4 23. 0-0 e6 24. Qe4 Qxe4 25. Nxe4 Be7 26. g4 Rb8 27. Bg3+ 1-0

[Event "Helsingor Xtracon op"]
[Site "Helsingor"]
[Date "2018.07.28"]
[Round "9"]
[White "Meyer, Juergen"]
[Black "Sorensen, Bernhard"]
[Result "1-0"]
[WhiteElo "1908"]
[BlackElo "1691"]
[PlyCount "45"]
[EventDate "2018.07.21"]
[EventType "swiss"]
[EventRounds "10"]
[EventCountry "DEN"]
[SourceTitle "CBM 185 Extra"]
[Source "ChessBase"]
[SourceDate "2018.07.29"]
[SourceVersion "1"]
[SourceVersionDate "2018.07.29"]
[SourceQuality "1"]

1. d4 e6 2. e4 d5 3. Nc3 dxe4 4. Nxe4 Bd7 5. Nf3 Bc6 6. Bd3 Nd7 7. 0-0 Ngf6 8. Ng3 Bd6 9. Re1 0-0 10. Ne5 Bxe5 11. dxe5 Nd5 12. Qg4 Ne7 13. Bg5 g6 14. Rad1 Kg7 15. Qh4 Re8 16. Qh6+ Kg8 17. Bf6 Nxf6 18. exf6 Nf5 19. Bxf5 Qxf6 20. Be4 Bxe4 21. Nxe4 Qxb2 22. c3 f5 23. Rd7 1-0

[Event "Helsingor Xtracon op"]
[Site "Helsingor"]
[Date "2018.07.26"]
[Round "7"]
[White "Linderod, Lars Erik"]
[Black "Sorensen, Bernhard"]
[Result "1-0"]
[WhiteElo "1931"]
[BlackElo "1691"]
[PlyCount "133"]
[EventDate "2018.07.21"]
[EventType "swiss"]
[EventRounds "10"]
[EventCountry "DEN"]
[SourceTitle "CBM 185 Extra"]
[Source "ChessBase"]
[SourceDate "2018.07.29"]
[SourceVersion "1"]
[SourceVersionDate "2018.07.29"]
[SourceQuality "1"]

1. e4 g6 2. d4 Bg7 3. Nc3 d6 4. Be3 a6 5. Qd2 b5 6. f3 Bb7 7. 0-0-0 Nd7 8. h4 h6 9. Nh3 e6 10. Bd3 Ne7 11. Qf2 Rc8 12. h5 g5 13. Rhe1 c5 14. e5 c4 15. exd6 cxd3 16. dxe7 Kxe7 17. Rxd3 Qa5 18. Kb1 b4 19. Ne4 Bd5 20. b3 Rc6 21. Bc1 Rhc8 22. Rd2 Qb6 23. Bb2 a5 24. Rc1 Ra8 25. c4 bxc3 26. Rxc3 Bxe4+ 27. fxe4 Rxc3 28. Bxc3 Rc8 29. Bb2 Qb4 30. Rc2 Rxc2 31. Kxc2 a4 32. Qd2 axb3+ 33. axb3 Qxd2+ 34. Kxd2 Nf6 35. e5 Nxh5 36. Ba3+ Kd7 37. Ke3 f6 38. g4 Ng3 39. Kf3 Nf1 40. Bc1 fxe5 41. Kg2 Nh2 42. Kxh2 exd4 43. Nf2 Kc6 44. Kg2 Kd5 45. Kf3 Bf8 46. Bb2 e5 47. Ne4 Be7 48. Ng3 Bb4 49. Ne4 Be7 50. Bc1 Ke6 51. Ke2 Kd5 52. Kd3 Bb4 53. Nf6+ Ke6 54. Ng8 Bf8 55. Ke4 Kf7 56. Nxh6+ Bxh6 57. Kxe5 Bg7+ 58. Ke4 Ke6 59. Bxg5 Kd6 60. Bd2 Kc5 61. g5 Bh8 62. g6 Bg7 63. Kd3 Bh8 64. Be1 Kd5 65. b4 Ke5 66. Bf2 Kf5 67. Bxd4 1-0

[Event "DEN-ch G5-1"]
[Site "Svendborg"]
[Date "2018.03.26"]
[Round "3"]
[White "Jorgensen, Orla Eilegaard"]
[Black "Sorensen, Bernhard"]
[Result "1-0"]
[WhiteElo "1659"]
[BlackElo "1718"]
[PlyCount "83"]
[EventDate "2018.03.24"]
[EventType "swiss"]
[EventRounds "5"]
[EventCountry "DEN"]
[SourceTitle "EXT 2019"]
[Source "ChessBase"]
[SourceDate "2018.10.10"]
[SourceVersion "1"]
[SourceVersionDate "2018.10.10"]
[SourceQuality "1"]

1. c4 f5 2. Nf3 Nf6 3. g3 e6 4. Bg2 d5 5. cxd5 exd5 6. d4 Bd6 7. e3 0-0 8. 0-0 c6 9. b3 Qe7 10. a4 Na6 11. Ba3 Nb4 12. Nbd2 Ne4 13. Rc1 Bd7 14. Bxb4 Bxb4 15. Nxe4 fxe4 16. Ne5 Be6 17. Qe2 Bd6 18. f4 exf3 19. Nxf3 Bg4 20. Qd3 Rae8 21. Rce1 Bf5 22. Qd1 Rf6 23. Nh4 Bd7 24. Rxf6 Qxf6 25. e4 dxe4 26. Bxe4 Bb4 27. Rf1 Qg5 28. Qd3 Kh8 29. Nf3 Qh6 30. Ne5 Be6 31. Rf4 Be7 32. Bxh7 Qxh7 33. Ng6+ Kg8 34. Nxe7+ Rxe7 35. Rf8+ Kxf8 36. Qxh7 Bxb3 37. Qf5+ Bf7 38. Qc8+ Be8 39. Qf5+ Bf7 40. Kf2 Kg8 41. Qc5 Bd5 42. Qxe7 1-0

[Event "Hillerod CC-chA"]
[Site "Hillerod"]
[Date "2018.02.20"]
[Round "4"]
[White "Sorensen, Bernhard"]
[Black "Ramkilde, Mikael"]
[Result "1/2-1/2"]
[WhiteElo "1730"]
[BlackElo "1901"]
[PlyCount "118"]
[EventDate "2018.01.02"]
[EventType "tourn"]
[EventRounds "7"]
[EventCountry "DEN"]
[SourceTitle "EXT 2020"]
[Source "ChessBase"]
[SourceDate "2019.10.17"]
[SourceVersion "1"]
[SourceVersionDate "2019.10.17"]
[SourceQuality "1"]

1. d4 d5 2. Bf4 Nf6 3. e3 c5 4. c3 Nc6 5. Nd2 Bf5 6. Nb3 cxd4 7. exd4 e6 8. Nf3 Be7 9. Bd3 Bg4 10. Be2 0-0 11. 0-0 Nh5 12. Be3 Qc7 13. h3 Bxf3 14. Bxf3 Nf4 15. Re1 Bd6 16. Nc1 Rae8 17. Nd3 Nxd3 18. Qxd3 Na5 19. Qb5 a6 20. Qa4 b5 21. Qc2 Rb8 22. b3 Rfc8 23. Bd2 Nc6 24. Qc1 Qa7 25. Bf4 Bxf4 26. Qxf4 b4 27. cxb4 Nxd4 28. Qe3 Nxf3+ 29. Qxf3 Rxb4 30. Rac1 Rbb8 31. Qd3 Qb7 32. Qd2 Qd7 33. Re3 d4 34. Rec3 Rxc3 35. Rxc3 Rd8 36. Rc5 Qd6 37. Ra5 d3 38. b4 e5 39. b5 axb5 40. Rxb5 g6 41. a4 e4 42. a5 Qc6 43. Rb2 Rc8 44. Qb4 Qc3 45. Qb7 Qc1+ 46. Kh2 Qc7+ 47. Qxc7 Rxc7 48. Rb8+ Kg7 49. Rd8 Rc5 50. a6 Ra5 51. Rd6 Kh6 52. Kg3 f5 53. f3 e3 54. Rxd3 Rxa6 55. Rxe3 g5 56. f4 gxf4+ 57. Kxf4 Kg6 58. g4 Ra4+ 59. Kf3 fxg4+ 1/2-1/2

[Event "Helsingor Xtracon op"]
[Site "Helsingor"]
[Date "2017.07.30"]
[Round "10"]
[White "Easan, Adesh"]
[Black "Sorensen, Bernhard"]
[Result "1/2-1/2"]
[WhiteElo "1941"]
[BlackElo "1686"]
[PlyCount "83"]
[EventDate "2017.07.22"]
[EventType "swiss"]
[EventRounds "10"]
[EventCountry "DEN"]
[SourceTitle "CBM 179 Extra"]
[Source "ChessBase"]
[SourceDate "2017.08.23"]
[SourceVersion "1"]
[SourceVersionDate "2017.08.23"]
[SourceQuality "1"]

1. e4 e6 2. d4 d5 3. Nd2 Nf6 4. e5 Nfd7 5. Bd3 c5 6. c3 Nc6 7. Ngf3 Qb6 8. 0-0 cxd4 9. cxd4 Nxd4 10. Nxd4 Qxd4 11. Nf3 Qb6 12. Qa4 Be7 13. Qg4 g6 14. Rb1 Qc7 15. Re1 Nc5 16. Bc2 Na6 17. Ba4+ Bd7 18. a3 Nc5 19. Bxd7+ Qxd7 20. Qd4 Nb3 21. Qc3 Nxc1 22. Rexc1 0-0 23. Qc7 Rfd8 24. Rc2 b6 25. b4 Kf8 26. Nd4 Qxc7 27. Rxc7 Bg5 28. h4 Bf4 29. Nc6 Rdc8 30. Rxc8+ Rxc8 31. b5 a6 32. a4 axb5 33. axb5 Ra8 34. g3 Bd2 35. Rb3 Ra1+ 36. Kg2 Ra2 37. Kh3 Bc1 38. Rc3 Ba3 39. Nb8 Kg7 40. f4 Bc5 41. Rb3 h5 42. Nd7 1/2-1/2

[Event "Hillerod-ch B"]
[Site "Hillerod"]
[Date "2017.05.09"]
[Round "2"]
[White "Sorensen, Bernhard"]
[Black "Malchau, Helge"]
[Result "1/2-1/2"]
[WhiteElo "1724"]
[BlackElo "1722"]
[PlyCount "116"]
[EventDate "2017.05.02"]
[EventType "tourn"]
[EventRounds "7"]
[EventCountry "DEN"]
[SourceTitle "EXT 2023"]
[Source "ChessBase"]
[SourceDate "2022.10.05"]
[SourceVersion "1"]
[SourceVersionDate "2022.10.05"]
[SourceQuality "1"]

1. d4 d5 2. Bf4 e6 3. e3 c5 4. c3 Nf6 5. Nd2 Bd6 6. Bg3 Bxg3 7. hxg3 Nbd7 8. Bd3 c4 9. Bc2 b5 10. a3 Qb6 11. Ngf3 Bb7 12. Ne5 h6 13. f4 a5 14. Qf3 b4 15. axb4 axb4 16. Rxa8+ Bxa8 17. Ndxc4 Qa6 18. Nd2 bxc3 19. bxc3 Qa3 20. Nb1 Qc1+ 21. Qd1 Qxe3+ 22. Qe2 Qxg3+ 23. Qf2 Qxf2+ 24. Kxf2 0-0 25. Kf3 Rc8 26. Nxd7 Nxd7 27. g4 Bb7 28. g5 hxg5 29. fxg5 g6 30. Kf4 Kg7 31. Bb3 Ba6 32. Bc2 Nb6 33. Ke5 Nc4+ 34. Kf4 Nd6 35. Ke5 Nc4+ 36. Kf4 Rh8 37. Rxh8 Kxh8 38. Bd3 Kg7 39. Na3 Nxa3 40. Bxa6 f6 41. Bd3 Kf7 42. gxf6 Kxf6 43. Kg4 Nc4 44. Bxc4 dxc4 45. Kf4 g5+ 46. Ke4 e5 47. d5 g4 48. Ke3 Kf5 49. Kf2 e4 50. d6 Ke6 51. Kg3 Kxd6 52. Kxg4 Ke5 53. Kg3 Kf5 54. Kf2 Kf4 55. Ke2 e3 56. Ke1 Kf3 57. Kf1 e2+ 58. Ke1 Ke3 1/2-1/2